Арбитраж и соглашение в промышленных спорах; Гл. 1; Гл. 2; Тактика при защите интересов труда; Государство и промышленные споры

Chi tiết về thư mục
Tác giả chính: Миклашевский А. Александр
Tóm tắt:Текст в русской дореформенной орфографии
Ngôn ngữ:Tiếng Nga
Được phát hành: Юрьев, Типография К. Маттисена, 1907
Những chủ đề:
Định dạng: Sách
KOHA link:https://koha.lib.tpu.ru/cgi-bin/koha/opac-detail.pl?biblionumber=320867

MARC

LEADER 00000nam0a2200000 4500
001 320867
005 20231102003324.0
035 |a (RuTPU)RU\TPU\book\346398 
090 |a 320867 
100 |a 20160727d1907 km y0rusy50 ca 
101 0 |a rus 
102 |a EE 
105 |a y z 001zy 
200 1 |a Арбитраж и соглашение в промышленных спорах  |h Гл. 1  |i Тактика при защите интересов труда  |h Гл. 2  |i Государство и промышленные споры  |f А. Миклашевский 
210 |a Юрьев  |c Типография К. Маттисена  |d 1907 
215 |a 120 с. 
300 |a Текст в русской дореформенной орфографии 
317 |5 63413507: 68//518  |a заказ г. Соболева 
320 |a Библиогр.: с. 120 
606 1 |a Государство и право России  |x История  |2 stltpush  |3 (RuTPU)RU\TPU\subj\8397  |9 35812 
606 1 |a Арбитраж  |2 stltpush  |3 (RuTPU)RU\TPU\subj\29322  |9 52682 
610 1 |a соглашения 
610 1 |a промышленные споры 
610 1 |a трудовое право 
610 1 |a стачки 
610 1 |a статистика 
610 1 |a Англия 
610 1 |a Франция 
610 1 |a Германия 
610 1 |a США 
610 1 |a трудовые договоры 
610 1 |a примерение 
610 1 |a промышленные соглашения 
610 1 |a посредничество 
686 |a Х2(2)  |v LBC/SL-A  |2 rubbk 
686 |a Х629.221  |v LBC/SL-A  |2 rubbk 
700 1 |a Миклашевский  |b А.  |g Александр 
801 1 |a RU  |b 63413507  |c 20160727 
801 2 |a RU  |b 63413507  |c 20200929  |g RCR 
942 |c BK